Bezpečne pracovať niektoré súvislosti sociálneho zabezpečenia a pracovnej úrazovosti

Podiel pracovnej úrazovosti na celkovej pracovnej neschopnosti. Dĺžka liečenia pracovných úrazov. Práva zamestnanca na bezpečnosť a ochranu zdravia pri práci. Vývoj pracovnej úrazovosti má po roku 1995 nepriaznivý vývoj. Úrazová prevencia.

Enregistré dans:
Détails bibliographiques
Auteur principal: Pipová, Blanka
Format: Chapitre de livre
Langue:slovaque
Sujets:
Tags: Ajouter un tag
Pas de tags, Soyez le premier à ajouter un tag!

MARC

LEADER 00000naa a2200000 4500
001 r032834
005 20230922130956.3
041 0 |a slo 
044 |a SK 
245 1 0 |a Bezpečne pracovať  |b niektoré súvislosti sociálneho zabezpečenia a pracovnej úrazovosti  |c Blanka Pipová 
520 |a Podiel pracovnej úrazovosti na celkovej pracovnej neschopnosti. Dĺžka liečenia pracovných úrazov. Práva zamestnanca na bezpečnosť a ochranu zdravia pri práci. Vývoj pracovnej úrazovosti má po roku 1995 nepriaznivý vývoj. Úrazová prevencia. 
610 2 0 |a úrazy pracovné 
610 2 0 |a zabezpečenie sociálne 
610 2 0 |a ochrana zdravia 
610 2 0 |a bezpečnosť práce 
610 2 0 |a Slovensko 
610 2 0 |a práceneschopnosť 
610 2 0 |a údaje štatistické 
100 1 |a Pipová, Blanka